| 000 | 00640cam a22002051 4500 | ||
|---|---|---|---|
| 001 | sa 68019886 | ||
| 003 | DLC | ||
| 005 | 20260227112720.0 | ||
| 008 | 740507s1966 xx 000 0 ind | ||
| 010 | _asa 68019886 | ||
| 035 | _a(OCoLC)879498 | ||
| 040 |
_aDLC _cOAU _dDLC |
||
| 042 | _apremarc | ||
| 050 | 0 | 0 |
_aHE563.I6 _bA54 |
| 110 | 1 |
_aIndonesia. _bDepartemen Perhubungan Laut. |
|
| 245 | 1 | 0 | _aKertas kerdja mengenai materi diluar bidang DEPERLA jang mempengaruhi proses pelaksanaan angkutan laut nasional dalam wilajah pelabuhan/pabean. |
| 260 |
_a[Djakarta, _c1966?] |
||
| 300 |
_a10 l. _c32 cm. |
||
| 650 | 0 |
_aShipping _zIndonesia. |
|
| 999 |
_c89128 _d89128 |
||